[Event "Olympiad-42"]
[Site "Baku"]
[Date "2016.09.09"]
[Round "7.3"]
[White "Salem, Mahjob"]
[Black "Priyankara, Chamil Y"]
[Result "1/2-1/2"]
[WhiteElo "2092"]
[BlackElo "2015"]
[PlyCount "110"]
[EventDate "2016.09.02"]
[EventType "team-swiss"]
[EventRounds "11"]
[EventCountry "AZE"]
[SourceTitle "CBM 175"]
[Source "ChessBase"]
[SourceDate "2016.11.10"]
[SourceVersion "1"]
[SourceVersionDate "2016.11.10"]
[SourceQuality "1"]
[WhiteTeam "Libya"]
[BlackTeam "Sri Lanka"]
[WhiteTeamCountry "LBY"]
[BlackTeamCountry "SRI"]

1. d4 Nf6 2. Nf3 g6 3. c4 Bg7 4. Nc3 d6 5. g3 c6 6. Bg2 Qa5 7. 0-0 0-0 8. a3 Qh5 9. h4 h6 10. e4 e5 11. d5 cxd5 12. Nxd5 Nxd5 13. cxd5 Nd7 14. Nd2 Qxd1 15. Rxd1 Rd8 16. Nc4 Nc5 17. Be3 Nb3 18. Rab1 b6 19. Rd3 Nd4 20. Bxd4 exd4 21. b4 Bb7 22. Bh3 f5 23. exf5 Bxd5 24. Nd2 gxf5 25. Bxf5 Rf8 26. Be4 Bxe4 27. Nxe4 Rad8 28. f4 Rfe8 29. Nf2 Rc8 30. Rbd1 Rc3 31. Kg2 Re2 32. Kf3 Re3+ 33. Rxe3 Rxe3+ 34. Kg4 Rxa3 35. Rd3 Ra2 36. Ne4 d5 37. Nd6 Rb2 38. b5 Bf8 39. Nc8 Rxb5 40. Nxa7 Rc5 41. Rxd4 Bg7 42. Rb4 Rc7 43. Nb5 Rc4 44. Rxc4 dxc4 45. Kf3 h5 46. Nd6 c3 47. Ke3 Bd4+ 48. Kd3 Bf2 49. Ne4 Be1 50. Nf6+ Kf7 51. Nxh5 b5 52. g4 b4 53. Kc2 Bxh4 54. f5 Bd8 55. Nf4 Kf6 1/2-1/2

[Event "Olympiad-42"]
[Site "Baku"]
[Date "2016.09.02"]
[Round "1.3"]
[White "Salem, Mahjob"]
[Black "Borisek, Jure"]
[Result "0-1"]
[WhiteElo "2092"]
[BlackElo "2558"]
[PlyCount "67"]
[EventDate "2016.09.02"]
[EventType "team-swiss"]
[EventRounds "11"]
[EventCountry "AZE"]
[SourceTitle "CBM 175"]
[Source "ChessBase"]
[SourceDate "2016.11.10"]
[SourceVersion "1"]
[SourceVersionDate "2016.11.10"]
[SourceQuality "1"]
[WhiteTeam "Libya"]
[BlackTeam "Slovenia"]
[WhiteTeamCountry "LBY"]
[BlackTeamCountry "SLO"]

1. d4 f5 2. c4 Nf6 3. Nc3 d6 4. Nf3 g6 5. g3 Bg7 6. Bg2 0-0 7. 0-0 c6 8. Qc2 Na6 9. b3 Qc7 10. Ba3 Re8 11. Rad1 Qa5 12. Qc1 Ne4 13. Nxe4 fxe4 14. Ng5 d5 15. e3 h6 16. Nh3 g5 17. Rd2 Nb4 18. Bxb4 Qxb4 19. Kh1 a5 20. cxd5 cxd5 21. Rc2 Bd7 22. Qb2 e5 23. a3 Qd6 24. Rfc1 exd4 25. exd4 Qf6 26. Ng1 Bb5 27. f3 Qxd4 28. Qxd4 Bxd4 29. fxe4 dxe4 30. Ne2 Be3 31. Re1 Bd3 32. Rb2 Rac8 33. Bh3 Rc7 34. Nc3 0-1